Kỹ thuật rèn
محفوظ في:
| المؤلف الرئيسي: | |
|---|---|
| التنسيق: | كتاب |
| اللغة: | Undetermined |
| منشور في: |
Hà Nội
Giao thông Vận tải
2003
|
| الموضوعات: | |
| الوسوم: |
إضافة وسم
لا توجد وسوم, كن أول من يضع وسما على هذه التسجيلة!
|
| Thư viện lưu trữ: | Trung tâm Học liệu Trường Đại học Cần Thơ |
|---|
| LEADER | 00502nam a2200193Ia 4500 | ||
|---|---|---|---|
| 001 | CTU_93723 | ||
| 008 | 210402s9999 xx 000 0 und d | ||
| 020 | |c 38000 | ||
| 082 | |a 671.332 | ||
| 082 | |b Nh561 | ||
| 100 | |a Lê, Nhương | ||
| 245 | 0 | |a Kỹ thuật rèn | |
| 245 | 0 | |c Lê Nhương | |
| 260 | |a Hà Nội | ||
| 260 | |b Giao thông Vận tải | ||
| 260 | |c 2003 | ||
| 650 | |a Forging,Metal | ||
| 904 | |i Mai Loan | ||
| 980 | |a Trung tâm Học liệu Trường Đại học Cần Thơ | ||